|
|
|
|
| LEADER |
00000nas a2200000 a 4500 |
| 001 |
ssj0000507198 |
| 003 |
WaSeSS |
| 005 |
20200512172242.0 |
| 006 |
m d |
| 007 |
cr n |
| 008 |
110708cuuuu9999mdub| p|s|||||| |0eng d |
| 035 |
|
|
|a (WaSeSS)ssj0000507198
|
| 040 |
|
|
|a WaSeSS
|c WaSeSS
|d WaSeSS
|
| 050 |
|
4 |
|a HE9797.4.S4
|
| 245 |
0 |
0 |
|a Airport security report
|h [electronic resource].
|
| 260 |
|
|
|a [Rockville, MD] :
|b Access Intelligence, LLC
|
| 310 |
|
|
|a Bimonthly
|
| 506 |
|
|
|a License restrictions may limit access.
|
| 588 |
|
|
|a Description based on: Vol. 11, issue 2 (Jan. 28, 2004), Article ID A124272640; title from the title screen (Business & Company Resource Center, viewed June 10, 2011).
|
| 588 |
|
|
|a Latest issue consulted: Vol. 19, issue 13 (June 29, 2011), Article ID A260162709 (viewed June 10, 2011).
|
| 650 |
|
0 |
|a Airports
|x Security measures
|v Periodicals.
|
| 655 |
|
0 |
|a Electronic journals.
|
| 856 |
4 |
0 |
|z Full text available from Research Library: 11/06/2001 to 11/30/2011
|u https://search.proquest.com/publication/25890
|